Ensayo sobre el entendimiento humano.
Guardat en:
| Autor principal: | |
|---|---|
| Altres autors: | |
| Format: | Llibre |
| Idioma: | anglès |
| Publicat: |
Buenos Aires, Argentina:
Aguilar,
1977
|
| Matèries: | |
| Etiquetes: |
Afegir etiqueta
Sense etiquetes, Sigues el primer a etiquetar aquest registre!
|
MARC
| LEADER | 00000nam a2200000 a 4500 | ||
|---|---|---|---|
| 001 | UCY4135 | ||
| 003 | CL-VaPUC | ||
| 005 | 20220822114502.0 | ||
| 008 | 220613b1977 ||||| |||| 00| 0 eng d | ||
| 999 | |c 435996 |d 435994 | ||
| 020 | |a 84-03-52039-5 | ||
| 040 | |c Pontificia Universidad Católica de Valparaíso | ||
| 082 | 0 | 4 | |a 121 LOC 1977 |2 21 |
| 100 | |a Locke, John |e autor |9 258383 | ||
| 245 | 1 | 0 | |a Ensayo sobre el entendimiento humano. |
| 260 | |a Buenos Aires, Argentina: |b Aguilar, |c 1977 | ||
| 300 | |a 220 páginas. | ||
| 500 | |a c.1 Donación Familia Prof. Alejandro Guzmán Brito. | ||
| 583 | |a last modification |c 19950228 00:00:00 |k Cristina María Rojas Aguilar | ||
| 650 | 0 | |a Teoría del conocimiento |9 255038 | |
| 650 | 0 | |a Empirismo |9 255037 | |
| 700 | |a Rodríguez Aranda, Luis |e selección, traducción del inglés, prólogo y notas |9 870636 | ||
| 942 | |c BK |2 ddc |n 0 | ||
| 952 | |0 0 |1 0 |2 ddc |4 0 |6 121_000000000000000_LOC_1977 |7 0 |8 C_AGB |9 583665 |a BIBDER |b BIBDER |d 2022-06-13 |e Donación |i 5651793 |o 121 LOC 1977 |p 5651793 |r 2023-01-25 |t 1 |w 2022-06-13 |y BK_US |k AGB | ||